Bê tông cốt sợi thép

Cấu tạo chung của bê tông cốt sợi , tính chất của bê tông cốt sợi thép, nghiên cứu thực nghiệm về bê tông cốt sợi thép, cơ sở tính toán kết cấu bê tông cốt sợi thép

Guardat en:
Dades bibliogràfiques
Autor principal: Nguyễn, Viết Trung
Format: Llibre
Idioma:Undetermined
Publicat: Hà Nội Xây dựng 2010
Matèries:
Etiquetes: Afegir etiqueta
Sense etiquetes, Sigues el primer a etiquetar aquest registre!
Thư viện lưu trữ: Trung tâm Học liệu Trường Đại học Cần Thơ
LEADER 00917nam a2200205Ia 4500
001 CTU_168543
008 210402s9999 xx 000 0 und d
020 |c 29000 
082 |a 693.54 
082 |b Tr513 
100 |a Nguyễn, Viết Trung 
245 0 |a Bê tông cốt sợi thép 
245 0 |c Nguyễn Viết Trung (Chủ biên), Nguyễn Ngọc Long, Phạm Duy Anh 
260 |a Hà Nội 
260 |b Xây dựng 
260 |c 2010 
520 |a Cấu tạo chung của bê tông cốt sợi , tính chất của bê tông cốt sợi thép, nghiên cứu thực nghiệm về bê tông cốt sợi thép, cơ sở tính toán kết cấu bê tông cốt sợi thép 
650 |a Concrete construction,Bê tông xây dựng 
904 |i Ánh Vân, Bạch Truc 
980 |a Trung tâm Học liệu Trường Đại học Cần Thơ